000 00638nam a2200241Ia 4500
003 OSt
005 20220918181025.0
006 a|||||r|||| 00| 0
007 ta
008 220917b |||||||| |||| 00| 0 eng d
024 _a25,177
037 _cTextual
040 _aARTS
_cARTS
_beng
041 _2eng
_aeng
082 _aO111,1K88,4, M4
100 _aNuttall A.D
_957473
245 0 _aPope's essay on man A.D Nuttall
260 _aLondon
_bGeorge Allen and Unwin
_c1984
300 _axi,250p.
_ccm.
500 _aBib 229-45p
942 _hO111,1K88,4, M4
_cTEXL
_2CC
999 _c164081
_d164081